000 00361nam a2200145Ia 4500
008 230312s9999||||xx |||||||||||||| ||und||
020 _a1-4160-6185-4
082 _a618.928
_bFEN-C
100 _aFenichel;Gerald.M
245 0 _aClinical Pediatric Neurology
260 _bSaunders
_aChina
_c2009
300 _a415
650 _aMedical
_vPeadiatric
942 _cBK
999 _c13333
_d13333